Statistics for NATO Reporting Names of Soviet/Russian military aircraft

Click here to take the quiz!

General Stats

  • This quiz has been taken 249 times
  • The average score is 23 of 39

Answer Stats

Russian name NATO Reporting name % Correct
Su-27/Su-30/Su-35Flanker
91%
Mi-24/Mi-25/Mi-35Hind
87%
MiG-29/MiG-35Fulcrum
86%
MiG-21Fishbed
81%
MiG-25Foxbat
80%
Su-25Frogfoot
80%
MiG-31Foxhound
71%
Su-24Fencer
69%
Mi-8/Mi-17Hip
68%
MiG-23/MiG-27Flogger
68%
Mi-28Havoc
66%
MiG-15Fagot
66%
Su-34Fullback
64%
MiG-19Farmer
61%
Su-17/Su-20/Su-22Fitter
59%
Su-15Flagon
58%
Ka-27/Ka-28/Ka-29/Ka-31Helix
58%
Mi-26Halo
57%
MiG-17Fresco
57%
Mi-4Hound
55%
Ka-50/Ka-52Hokum
54%
Mi-2Hoplite
54%
Mi-6/Mi-22Hook
54%
Ka-25Hormone
53%
Su-9/Su-11Fishpot
53%
Yak-41/Yak-141Freestyle
51%
Mi-14Haze
50%
Ka-26/Ka-126Hoodlum
49%
Mi-1Hare
49%
Ka-15Hen
48%
Ka-10Hat
48%
Ka-20Harp
47%
Mi-10Harke
47%
Mi-12 (V-12)Homer
47%
MiG-9Fargo
47%
Su-47Firkin
47%
Ka-18Hog
46%
Ka-22Hoop
45%
Mi-34Hermit
43%

Score Distribution

Percentile by Number Answered

Percent of People with Each Score

Your Score History

You have not taken this quiz